Picasso in his posters : (Record no. 16746)
[ view plain ]
| 000 -LEADER | |
|---|---|
| fixed length control field | 01316nam a2200373 a 4500 |
| 001 - CONTROL NUMBER | |
| control field | 16746 |
| 003 - CONTROL NUMBER IDENTIFIER | |
| rucl marc code | BD-RjUL |
| 005 - DATE AND TIME OF LATEST TRANSACTION | |
| control field | 20211209000039.0 |
| 008 - FIXED-LENGTH DATA ELEMENTS--GENERAL INFORMATION | |
| fixed length control field | 140215s1992 sp a bc 000 0 spa d |
| 020 ## - INTERNATIONAL STANDARD BOOK NUMBER | |
| International Standard Book Number | 8480590157 (Complete work) |
| International Standard Book Number | 8480590165 (v. 1) |
| International Standard Book Number | 8480590173 (v. 2) |
| International Standard Book Number | 8480590181 (v. 3) |
| International Standard Book Number | 848059019X (v. 4) |
| 035 ## - SYSTEM CONTROL NUMBER | |
| System control number | (BD-RjUL)16801 |
| System control number | (CStRLIN)MAHA93-B1141 |
| 040 ## - CATALOGING SOURCE | |
| Original cataloging agency | DNGA |
| Transcribing agency | DNGA |
| Modifying agency | MH-FA |
| -- | DLC |
| -- | BD-RjUL |
| Language of cataloging | eng |
| 041 ## - LANGUAGE CODE | |
| Language code of text/sound track or separate title | eng |
| 082 ## - DEWEY DECIMAL CLASSIFICATION NUMBER | |
| Classification number | 704.942 |
| Author mark and year | ROP |
| 100 1# - MAIN ENTRY--PERSONAL NAME | |
| Personal name | Rodrigo, Luis Carlos. |
| 9 (RLIN) | 51720 |
| 245 10 - TITLE STATEMENT | |
| Title | Picasso in his posters : |
| Remainder of title | image and work / |
| Statement of responsibility, etc. | Luis Carlos Rodrigo. |
| 260 ## - PUBLICATION, DISTRIBUTION, ETC. (IMPRINT) | |
| Place of publication, distribution, etc. | Spain : |
| Name of publisher, distributor, etc. | Arte Ediciones, |
| Date of publication, distribution, etc. | c1992. |
| 300 ## - PHYSICAL DESCRIPTION | |
| Pagination | 4 v. (2,425 p.) : |
| Illustrations | col. ill. ; |
| Size | 31 cm. |
| 500 ## - GENERAL NOTE | |
| General note | Paged continously. |
| 504 ## - BIBLIOGRAPHY, ETC. NOTE | |
| Bibliography, etc | Includes bibliographical references and indexes. |
| 505 0# - FORMATTED CONTENTS NOTE | |
| Formatted contents note | v. 1. Posters, 001-315 -- v. 2. Posters, 316-630 -- v. 3. Commentaries -- v. 4. Classified bibliography. |
| 600 10 - SUBJECT ADDED ENTRY--PERSONAL NAME | |
| Personal name | Picasso, Pablo, |
| Dates associated with a name | 1881-1973 |
| General subdivision | Catalogs. |
| Personal name | Picasso, Pablo, |
| Dates associated with a name | 1881-1973 |
| General subdivision | Criticism and interpretation. |
| 650 #0 - SUBJECT ADDED ENTRY--TOPICAL TERM | |
| Topical term or geographic name as entry element | Posters |
| Chronological subdivision | 20th century |
| General subdivision | Catalogs. |
| 9 (RLIN) | 51723 |
| 700 1# - ADDED ENTRY--PERSONAL NAME | |
| Personal name | Picasso, Pablo, |
| Dates associated with a name | 1881-1973. |
| 942 ## - ADDED ENTRY ELEMENTS (KOHA) | |
| Source of classification or shelving scheme | Dewey Decimal Classification |
| Koha item type | Books |
| Lost status | Source of classification or shelving scheme | Damaged status | Not for loan | Permanent Location | Current Location | Date acquired | Source of acquisition | Cost, normal purchase price | Full call number | Date last seen | Copy number | Koha item type | Shelving location | Total Checkouts |
|---|---|---|---|---|---|---|---|---|---|---|---|---|---|---|
| Dewey Decimal Classification | Not For Loan | Central Library, University of Rajshahi | Central Library, University of Rajshahi | 17/08/1997 | Dhaka paragon Enterprise | 264.99 | 704.942 ROP V-4 1992 | 15/02/2014 | C-3 | Books | ||||
| Dewey Decimal Classification | Not For Loan | Central Library, University of Rajshahi | Central Library, University of Rajshahi | 17/08/1997 | Paragon enterprise, Dhaka. | 264.99 | 704.942 ROP V-3 1992 | 06/12/2018 | C-1 | Books | Reading Room | |||
| Dewey Decimal Classification | Not For Loan | Central Library, University of Rajshahi | Central Library, University of Rajshahi | 13/08/1957 | Paragon | 104.14 | RA 704.942 V- 1 ROP 1992 | 23/10/2025 | C -1 | Books | Rare Book Section | |||
| Dewey Decimal Classification | Not For Loan | Central Library, University of Rajshahi | Central Library, University of Rajshahi | 13/08/1997 | Paragon | 794.99 | RA704.942 V- 2 ROP | 23/10/2025 | C1 | Books | Rare Book Section | |||
| Dewey Decimal Classification | Not For Loan | Central Library, University of Rajshahi | Central Library, University of Rajshahi | 13/08/1997 | Paragon | RA 704.942 ROP V-3 | 23/10/2025 | C-1 | Books | Rare Book Section | ||||
| Dewey Decimal Classification | Not For Loan | Central Library, University of Rajshahi | Central Library, University of Rajshahi | 13/08/1997 | Paragon | RA 704.942 ROD V-4 | 23/10/2025 | C-1 | Books | Rare Book Section | ||||
| Dewey Decimal Classification | Not For Loan | Central Library, University of Rajshahi | Central Library, University of Rajshahi | 13/08/1997 | Paragon | RA 704.942 ROD V-2 | 23/10/2025 | C-1 | Books | Rare Book Section | ||||
| Dewey Decimal Classification | Not For Loan | Central Library, University of Rajshahi | Central Library, University of Rajshahi | 13/08/1997 | Paragon | RA 704.942 ROD V-1 | 23/10/2025 | C-2 | Books | Rare Book Section |